Lyrics from the Aladdin song Prince Ali - Statistics

General Stats
  • This quiz has been taken 164 times
  • The average score is 163 of 319
Answer Stats
Answer % Correct
Prince
99%
a
98%
A
98%
Ali.
98%
Ali,
98%
Ali
98%
he
93%
he,
93%
I
91%
the
83%
you,
83%
you
83%
for
80%
on
74%
Make
73%
way
73%
way,
73%
it
72%
to
72%
To
72%
your
72%
Ababwa.
69%
is
69%
men
69%
be
67%
fabulous
67%
Fabulous
67%
it's
65%
come
64%
He's
64%
he's
64%
So
64%
and
63%
And
63%
10
62%
hey,
61%
Hey
61%
Strong
61%
as
60%
comes,
60%
comes
60%
in
60%
one
60%
this
60%
down
59%
guy!
59%
here
58%
knee.
58%
love
58%
Who
58%
got
55%
his
55%
no
55%
Say
55%
with
53%
With
53%
new
52%
regular
52%
you're
52%
drums.
51%
star.
51%
bad
50%
gonna
50%
hundred
50%
meet
50%
swords.
49%
When
49%
clear
47%
guys
47%
Oh
47%
us
47%
let
46%
through
46%
bang
45%
bazaar.
45%
camels.
45%
I'm
45%
old
45%
first
44%
peacocks
44%
some
44%
up
44%
mighty
43%
eye.
41%
monkeys.
41%
monkeys!
41%
respect
41%
show
41%
Why,
41%
why,
41%
block
40%
golden
40%
Now
40%
princess
40%
ring
40%
their
40%
zoo?
40%
see
39%
see!
39%
telling
39%
That
39%
that
39%
bells,
38%
mammals.
37%
best
36%
Brush
36%
definitely.
36%
exotic
36%
salaam.
36%
stay
36%
type
36%
53.
34%
calm.
34%
try
34%
those
32%
75
31%
elephants,
31%
galloping
31%
Has
31%
Heard
31%
Sunday
31%
they
31%
They
31%
was
31%
by.
30%
world-class
30%
at
29%
spectacular
29%
Genuflect,
28%
lords?
28%
sent
28%
can
27%
faced
27%
goon
27%
handsome
27%
how
27%
menagerie.
27%
generous!
26%
lovely
26%
get
25%
Purple
25%
Then
25%
look
24%
feathers.
23%
hordes.
23%
servants
23%
bright
22%
good
21%
him!
21%
him.
21%
sight,
21%
Don't
20%
June?
20%
Weak
20%
out
19%
fee.
18%
them
18%
coterie.
17%
knees.
17%
persian
17%
white
16%
Harry
15%
just
15%
people
15%
prepare.
15%
speak?
15%
stare
15%
bow
14%
dropped
14%
60
13%
95
13%
amorous
13%
charges
13%
physique,
13%
They're
13%
veil
13%
Well
13%
Adjust
12%
birds
12%
gawk
12%
loyalty
12%
square.
12%
lions,
11%
flunkies.
10%
slaves,
10%
cooks,
9%
dolled
9%
forty
9%
galore,
9%
grovel
9%
view
9%
bakers,
8%
band
8%
key.
8%
warble
8%
Let's
7%
lousy
7%
serving
7%
work
7%
more.
6%
whim,
6%
bears
5%
llamas
5%
brass
4%
Proud
4%
fakirs,
2%
No matching quizzes found
Score Distribution
Percent of People with Each Score
Percentile by Number Answered
Your Score History
You have not taken this quiz